00744nam a2200241 a 4500001001300000003000900013005001700022008004100039020002300080082002000103100002800123245004500151260002800196300000900224500003500233505002300268650003000291700002800321902000800349942000700357952012100364999001700485nice12345678IN_TiNIC20260116014806.0100924s2010 jaia grp 000 0 eng  a9788183762304c75000a306.089915bSIN aSingh, Shailendra Kumar aPolitical and Social Thought of Ambedkar aJaipur bABD Pub c2010 a288p aincludes index and biblioraphy2 aBibliography,Index aAmbedkar, B.R.-Philosophy1 aSingh, Shailendra Kumar bSRS cBK 001040708StackRoom-aHMIbHMId2010-09-24g750.00l0o306.089915 SINp023353r2010-09-24v750.00w2010-09-24yBK c16989d16989